Globalización y derecho
Saved in:
| Main Authors: | , |
|---|---|
| Format: | Bog |
| Sprog: | spansk |
| Udgivet: |
Madrid
Constitución y Leyes
2003
|
| Fag: | |
| Tags: |
Tilføj Tag
Ingen Tags, Vær først til at tagge denne postø!
|
MARC
| LEADER | 00000nam a2200000 a 4500 | ||
|---|---|---|---|
| 001 | UCL9361 | ||
| 003 | CL-VaPUC | ||
| 008 | 040806e20030000SP |||||||||||||||||spa|d | ||
| 020 | |a 847879767X | ||
| 082 | 0 | 4 | |a 341.754 |b CAL |2 21 |
| 100 | 0 | |a Calvo Caravaca, Alfonso Luis |e author |9 487136 | |
| 700 | 0 | |a Blanco-Morales Limones, Pilar |e author |9 487137 | |
| 245 | 1 | 0 | |a Globalización y derecho |
| 300 | |a 617 p | ||
| 942 | |c BK | ||
| 945 | |d 20040806 00:00:00 |a cmena | ||
| 260 | |a Madrid |b Constitución y Leyes |c 2003 | ||
| 650 | 7 | |a COMERCIO INTERNACIONAL |2 CL-VaPUC |9 487138 | |
| 650 | 0 | |a Derecho internacional |9 255637 | |
| 650 | 0 | |a Contratos |9 255153 | |
| 650 | 0 | |a Responsabilidad contractual |9 256720 | |
| 650 | 0 | |a Ordenamiento jurídico |9 355371 | |
| 650 | 0 | |a Globalización |9 361930 | |
| 650 | 0 | |a Tratados internacionales |9 256056 | |
| 583 | |a last modification |c 20040806 00:00:00 |k Rodrigo Vera | ||
| 999 | |c 310156 |d 310154 | ||
| 952 | |0 0 |1 0 |4 0 |6 341_754000000000000_CAL_2003 |7 0 |8 A |9 378369 |a BIBDER |b BIBDER |d 2019-11-21 |i 4042743 |l 3 |m 5 |o 341.754 CAL 2003 |p 4042743 |q 2025-12-31 |r 2020-03-26 |s 2020-03-26 |w 2019-11-21 |y BK |k DER | ||